| 000 | 00680nam a2200229Ia 4500 | ||
|---|---|---|---|
| 001 | 24440 | ||
| 003 | AR-BaAGN | ||
| 005 | 20231221133222.0 | ||
| 007 | ta | ||
| 008 | 211213s1890 ag |||||||||||||| ||spa d | ||
| 040 |
_dAR-BaAGN _aAR-BaAGN _bspa _eaacr |
||
| 100 |
_aLópez, Vicente Fidel, _d1815-1903 _96613 |
||
| 245 | 1 | 0 |
_aHistoria de la República Argentina : _bsu origen, su revolución y su desarrollo político hasta 1852 / _cVicente F. López |
| 260 |
_aBuenos Aires : _bImprenta de Mayo, _c1890. |
||
| 300 | _a750 páginas | ||
| 336 |
_2rdacontent _btxt |
||
| 337 |
_2rdamedia _bn |
||
| 338 |
_2rdacarrier _bnc |
||
| 500 | _aTomo 9. | ||
| 942 | _cLIBRO | ||
| 999 |
_c24440 _d24440 |
||